Sports Quiz

Random Sports Quiz

Which trainer has more winners at the festival? Quiz Stats

 Plays Quiz not verified by Sporcle

Support Sporcle.
Go Orange.
Score 0/10 Timer 02:00
0 Plays Today
Question Answer Wrong Answers
Which trainer has more winners at the Cheltenham festival? Paul Nicholls
89.1%
Nigel Twiston-Davies
6.5%
Exactly the same
2.2%
Which trainer has more winners at the Cheltenham festival? David Pipe
67.4%
Jessica Harrington
23.9%
Exactly the same
6.5%
Which trainer has more winners at the Cheltenham festival? Colin Tizzard
63%
Venetia Williams
26.1%
Exactly the same
6.5%
Which trainer has more winners at the Cheltenham festival? Philip Hobbs
58.7%
Alan King
30.4%
Exactly the same
2.2%
Which trainer has more winners at the Cheltenham festival? Mouse Morris
45.7%
Dan Skelton
45.7%
Which trainer has more winners at the Cheltenham festival? Aidan O'Brien
41.3%
Joseph O'Brien
43.5%
Exactly the same
13%
Which trainer has more winners at the Cheltenham festival? Enda Bolger
28.3%
Henry De Bromhead
56.5%
Exactly the same
6.5%
Which trainer has more winners at the Cheltenham festival? Oliver Sherwood
23.9%
Noel Meade
45.7%
Exactly the sane
21.7%
Which trainer has more winners at the Cheltenham festival? Jonjo O'Neill
19.6%
Gordon Elliott
78.3%
Exactly the same
0%
Which trainer has more winners at the Cheltenham festival? Exactly the same
6.5%
Nicky Henderson
30.4%
Willie Mullins
63%

You're not logged in!

Compare scores with friends on all Sporcle quizzes.
OR
Log In

From the Vault

Number Déjà vu

by manonthemoon

Didn't we just play this quiz, nah, it couldn't be...
Remove Ads.
Support Sporcle.
Get the best of Sporcle when you Go Orange. This ad-free experience offers more features, more stats, and more fun while also helping to support Sporcle. Thank you for becoming a member.

Show Comments

Extras

Top Quizzes Today


Score Distribution

Your Account Isn't Verified!

In order to create a playlist on Sporcle, you need to verify the email address you used during registration. Go to your Sporcle Settings to finish the process.

Report this User

Report this user for behavior that violates our Community Guidelines.

Details: